Udinese Biggest Transfers - Statistics

General Stats
  • This quiz has been taken 33 times
  • The average score is 88 of 262
Answer Stats
% Correct
Incomings Argentina CM Rodrigo de Paul 16/17 Valencia
89%
Outgoings Argentina CM Rodrigo de Paul 21/22 Atletico Madrid
89%
Incomings Portugal ST Beto 22/23 Portimonense
86%
Outgoings Portugal ST Beto 23/24 Everton
86%
Incomings Ghana LM Kwadwo Asamoah 09/10 Bellinzona
79%
Outgoings Ghana LM Kwadwo Asamoah 12/13 Juventus
79%
Incomings Chile ST Alexis Sanchez 06/07 Cobreloa
75%
Outgoings Chile ST Alexis Sanchez 11/12 Barcelona
75%
Outgoings Chile ST Alexis Sanchez 07/08 River Plate
75%
Incomings Spain ST Gerard Deulofeu 20/21 Watford
75%
Outgoings Colombia RM Juan Cuadrado 13/14 Fiorentina
75%
Outgoings Colombia RM Juan Cuadrado 12/13 Fiorentina
75%
Incomings Argentina GK Juan Musso 18/19 Racing Club
75%
Outgoings Argentina GK Juan Musso 21/22 Atalanta
75%
Outgoings Italy GK Alex Meret 19/20 Napoli
71%
Outgoings Argentina RB Nahuel Molina 22/23 Atletico Madrid
71%
Incomings Argentina CM Roberto Pereyra 11/12 River Plate
71%
Outgoings Argentina CM Roberto Pereyra 15/16 Juventus
71%
Outgoings Argentina CM Roberto Pereyra 14/15 Juventus
71%
Incomings Italy LB Destiny Udogie 22/23 Hellas Verona
68%
Outgoings Italy LB Destiny Udogie 22/23 Tottenham Hotspur
68%
Outgoings Brazil ST Marcio Amoroso 99/00 Parma
68%
Incomings Argentina CB Nehuen Perez 22/23 Atletico Madrid
68%
Outgoings Poland CM Piotr Zielinski 16/17 Napoli
68%
Outgoings Slovenia GK Samir Handanovic 12/13 Inter Milan
68%
Outgoings Colombia CB Cristian Zapata 11/12 Villarreal
64%
Incomings Switzerland DM Gokhan Inler 07/08 Zurich
64%
Outgoings Switzerland DM Gokhan Inler 11/12 Napoli
64%
Incomings Colombia ST Luis Muriel 10/11 Deportivo Cali
64%
Outgoings Colombia ST Luis Muriel 15/16 Sampdoria
64%
Outgoings Morocco CB Medhi Benatia 13/14 Roma
64%
Incomings Germany ST Oliver Bierhoff 95/96 Ascoli
64%
Outgoings Germany ST Oliver Bierhoff 98/99 Milan
64%
Incomings Italy DM Rolando Mandragora 18/19 Juventus
64%
Outgoings Italy DM Rolando Mandragora 20/21 Juventus
64%
Outgoings Italy ST Vicenzo Iaquinta 07/08 Juventus
64%
Incomings Brazil ST Brenner 23/24 Cincinnati
61%
Incomings Italy ST Fabio Quagliarella 07/08 Sampdoria
61%
Outgoings Italy ST Fabio Quagliarella 09/10 Napoli
61%
Outgoings Italy ST Fabio Quagliarella 06/07 Sampdoria
61%
Incomings Brazil DM Allan 14/15 Granada
57%
Outgoings Brazil DM Allan 15/16 Napoli
57%
Incomings Belgium CB Christian Kabasele 23/24 Watford
57%
Incomings Chile CM David Pizarro 99/00 Santiago Wanderers
57%
Outgoings Chile CM David Pizarro 05/06 Inter Milan
57%
Outgoings Serbia RB Dusan Basta 15/16 Lazio
57%
Incomings Ivory Coast LB Hassane Kamara 22/23 Watford
57%
Outgoings Chile RB Mauricio Isla 12/13 Juventus
57%
Incomings Portugal AM Bruno Fernandes 13/14 Novara
54%
Outgoings Portugal AM Bruno Fernandes 17/18 Sampdoria
54%
Outgoings Portugal AM Bruno Fernandes 16/17 Sampdoria
54%
Outgoings Czech Republic LM Jakub Jankto 19/20 Sampdoria
54%
Incomings Czech Republic LB Marek Jankulovski 02/03 Napoli
54%
Outgoings Czech Republic LB Marek Jankulovski 05/06 Milan
54%
Outgoings Greece GK Orestis Karnezis 19/20 Napoli
54%
Incomings Ivory Coast CM Seko Fofana 16/17 Manchester City
54%
Outgoings Ivory Coast CM Seko Fofana 20/21 Lens
54%
Incomings Switzerland DM Valon Behrami 17/18 Watford
54%
Incomings Morocco CB Adam Masina 22/23 Watford
50%
Outgoings Italy ST Stefano Okaka 21/22 Istanbul Basaksehir
50%
Outgoings Ghana CM Sulley Muntari 07/08 Portsmouth
50%
Incomings Argentina CM Martin Payero 23/24 Middlesbrough
46%
Outgoings Switzerland RB Silvan Widmer 18/19 Basel
46%
Outgoings Italy RW Simone Pepe 11/12 Juventus
46%
Outgoings Italy RW Simone Pepe 10/11 Juventus
46%
Incomings Nigeria ST Isaac Success 21/22 Watford
43%
Incomings England ST Keinan Davis 23/24 Aston Villa
43%
Incomings Nigeria ST Odion Ighalo 08/09 Lyn
43%
Outgoings Nigeria ST Odion Ighalo 14/15 Watford
43%
Incomings Brazil CB Rodrigo Becao 19/20 Bahia
43%
Outgoings Brazil CB Rodrigo Becao 23/24 Fenerbahce
43%
Incomings Iraq LB Ali Adnan 15/16 Caykur Rizespor
39%
Outgoings Iraq LB Ali Adnan 19/20 Vancouver Whitecaps
39%
Incomings Czech Republic AM Antonin Barak 17/18 Slavia Prague
39%
Outgoings Czech Republic AM Antonin Barak 21/22 Hellas Verona
39%
Outgoings Ghana ST Asamoah Gyan 08/09 Rennes
39%
Incomings Cameroon CB Enzo Ebosse 22/23 Angers
39%
Incomings Argentina RW Ignacio Pussetto 18/19 Huracan
39%
Outgoings Argentina RW Ignacio Pussetto 19/20 Watford
39%
Incomings Italy ST Kevin Lasagna 16/17 Carpi
39%
Outgoings Italy ST Kevin Lasagna 21/22 Hellas Verona
39%
Incomings Netherlands RB Kingsley Ehizibue 22/23 Koln
39%
Incomings Serbia CM Lazar Samardzic 21/22 RB Leipzig
39%
Incomings Italy GK Marco Silvestri 21/22 Hellas Verona
39%
Incomings Colombia LM Pablo Armero 10/11 Palmeiras
39%
Outgoings Colombia LM Pablo Armero 13/14 Napoli
39%
Outgoings Colombia LM Pablo Armero 12/13 Napoli
39%
Incomings Italy AM Stefano Fiore 99/00 Parma
39%
Outgoings Italy AM Stefano Fiore 01/02 Lazio
39%
Outgoings Denmark RB Thomas Helveg 98/99 Milan
39%
Incomings Austria GK Alexander Manninger 08/09 Siena
36%
Outgoings Austria GK Alexander Manninger 08/09 Juventus
36%
Incomings Netherlands CB Bram Nuytinck 17/18 Anderlecht
36%
Incomings France RM Brandon Soppy 21/22 Rennes
36%
Outgoings France RM Brandon Soppy 22/23 Atalanta
36%
Incomings Spain SS Cristo Gonzalez 19/20 Real Madrid
36%
Incomings France SS Cyril Thereau 14/15 Chievo Verona
36%
Outgoings France SS Cyril Thereau 17/18 Fiorentina
36%
Incomings France CM Jean-Victor Makengo 20/21 Nice
36%
Outgoings France CM Jean-Victor Makengo 22/23 Lorient
36%
Incomings Brazil LW Maicosuel 12/13 Botafogo
36%
Outgoings Brazil LW Maicosuel 14/15 Atletico Mineiro
36%
Incomings Denmark CB Thomas Kristensen 23/24 Aarhus
36%
Incomings Brazil DM Walace 19/20 Hannover
36%
Incomings Germany ST Carsten Jancker 02/03 Bayern Munich
32%
Outgoings Italy DM Giuliano Giannichedda 01/02 Lazio
32%
Incomings Italy LB Giuseppe Pezzella 17/18 Palermo
32%
Outgoings Italy LB Giuseppe Pezzella 20/21 Parma
32%
Incomings Slovenia CB Jaka Bijol 22/23 CSKA Moscow
32%
Incomings Argentina CB Nestor Sensini 89/90 Newell's Old Boys
32%
Outgoings Argentina CB Nestor Sensini 93/94 Parma
32%
Incomings Croatia ST Stipe Perica 16/17 Chelsea
32%
Incomings Nigeria CB William Troost-Ekong 18/19 Bursaspor
32%
Outgoings Venezuela LW Adalberto Penaranda 15/16 Watford
29%
Incomings Kazakhstan CM Alexander Merkel 12/13 Genoa
29%
Outgoings Italy LM Andrea Dossena 08/09 Liverpool
29%
Outgoings Italy RM Antonio Candreva 13/14 Lazio
29%
Outgoings Italy RM Antonio Candreva 09/10 Juventus
29%
Incomings Brazil CB Danilo 11/12 Palmeiras
29%
Incomings France DM Etienne Camara 23/24 Huddersfield Town
29%
Outgoings Brazil CB Felipe 10/11 Fiorentina
29%
Outgoings Brazil CB Felipe 09/10 Fiorentina
29%
Incomings Belgium LM Johan Walem 97/98 Anderlecht
29%
Outgoings Belgium LM Johan Walem 01/02 Standard Liege
29%
Incomings Poland ST Lukasz Teodorczyk 18/19 Anderlecht
29%
Incomings Czech Republic ST Matej Vydra 10/11 Banik Ostrava
29%
Outgoings Czech Republic ST Matej Vydra 15/16 Watford
29%
Incomings Italy CB Maurizio Domizzi 08/09 Napoli
29%
Incomings Greece CM Panagiotis Kone 14/15 Bologna
29%
Outgoings Denmark CB Per Kroldrup 05/06 Everton
29%
Incomings Italy ST Roberto Muzzi 99/00 Cagliari
29%
Outgoings Italy ST Roberto Muzzi 03/04 Lazio
29%
Incomings Argentina ST Roberto Sosa 98/99 Gimnasia
29%
Incomings Serbia GK Zeljko Brkic 11/12 Vojvodina
29%
Incomings Croatia CM Andrija Balic 15/16 Hajduk Split
25%
Incomings Italy ST Antonio Floro Flores 07/08 Arezzo
25%
Outgoings Italy ST Antonio Floro Flores 10/11 Genoa
25%
Outgoings Venezuela LW Darwin Machis 19/20 Granada
25%
Incomings Iceland CM Emil Hallfredsson 15/16 Hellas Verona
25%
Incomings Romania RW Gabriel Torje 11/12 Dinamo Bucharest
25%
Outgoings Romania RW Gabriel Torje 16/17 Terek Grozny
25%
Incomings Italy CM Gaetano D'Agostino 06/07 Roma
25%
Outgoings Italy CM Gaetano D'Agostino 10/11 Fiorentina
25%
Outgoings Italy CM Gaetano D'Agostino 11/12 Siena
25%
Incomings Argentina ST German Denis 10/11 Napoli
25%
Outgoings Argentina ST German Denis 12/13 Atalanta
25%
Incomings Italy LB Giovanni Pasquale 08/09 Livorno
25%
Incomings Portugal LB Leonardo Buta 22/23 Braga
25%
Incomings Senegal CM Mamadou Coulibaly 17/18 Pescara
25%
Outgoings Senegal CM Mamadou Coulibaly 22/23 Salernitana
25%
Incomings Uruguay ST Nicolas Lopez 13/14 Roma
25%
Outgoings Uruguay ST Nicolas Lopez 16/17 Internacional
25%
Incomings Bosnia ST Riad Bajic 17/18 Konyaspor
25%
Outgoings Finland AM Roman Eremenko 09/10 Dynamo Kyiv
25%
Incomings France CB Sebastien De Maio 19/20 Bologna
25%
Incomings Italy CB Valerio Bertotto 93/94 Alessandria
25%
Outgoings Italy CB Valerio Bertotto 06/07 Siena
25%
Incomings Mali DM Abdoul Sissoko 11/12 Troyes
21%
Incomings Italy CB Andrea Coda 06/07 Empoli
21%
Incomings Brazil SS Barreto 05/06 Treviso
21%
Incomings Brazil SS Barreto 11/12 Bari
21%
Outgoings Brazil SS Barreto 10/11 Bari
21%
Outgoings Brazil SS Barreto 12/13 Torino
21%
Outgoings Brazil SS Barreto 08/09 Bari
21%
Outgoings Argentina LB Cristian Diaz 01/02 Mallorca
21%
Incomings Italy RB Davide Faraoni 12/13 Inter Milan
21%
Incomings Brazil LB Douglas Santos 13/14 Granada
21%
Outgoings Brazil LB Douglas Santos 15/16 Atletico Mineiro
21%
Incomings Brazil LB Gabriel Silva 12/13 Granada
21%
Outgoings Brazil LB Gabriel Silva 17/18 Saint-Etienne
21%
Incomings Paraguay RB Ivan Piris 15/16 Deportivo Maldonado
21%
Outgoings Paraguay RB Ivan Piris 16/17 Monterrey
21%
Incomings Brazil LW Matheus Martins 22/23 Fluminense
21%
Outgoings Mali CB Molla Wague 19/20 Nantes
21%
Incomings Brazil CB Samir Caetano 15/16 Flamengo
21%
Outgoings Brazil CB Samir Caetano 21/22 Watford
21%
Outgoings Argentina CM Sergio Almiron 04/05 Empoli
21%
Incomings Serbia CB Aleksandar Lukovic 06/07 Crvena Zvezda
18%
Outgoings Serbia CB Aleksandar Lukovic 10/11 Zenit
18%
Incomings Spain ST Alex Geijo 09/10 Racing Santander
18%
Outgoings Italy CB Cesare Natali 07/08 Torino
18%
Incomings Chile CM Charles Aranguiz 13/14 Universidad de Chile
18%
Outgoings Chile CM Charles Aranguiz 14/15 Internacional
18%
Incomings Brazil LW Ewandro Costa 16/17 Sao Paulo
18%
Incomings Chile RW Fabian Orellana 09/10 Audax Italiano
18%
Incomings Italy CB Gabriele Angella 10/11 Empoli
18%
Incomings Italy RB Giandomenico Mesto 07/08 Reggina
18%
Outgoings Italy RB Giandomenico Mesto 08/09 Genoa
18%
Incomings Brazil DM Guilherme 14/15 Corinthians
18%
Outgoings Brazil DM Guilherme 17/18 Deportivo La Coruna
18%
Incomings Spain RW Jaime Romero 09/10 Albacete
18%
Incomings Italy CB Kevin Bonifazi 20/21 SPAL
18%
Incomings Italy RB Marco Motta 05/06 Atalanta
18%
Incomings Italy RB Marco Motta 10/11 Roma
18%
Outgoings Italy RB Marco Motta 11/12 Juventus
18%
Outgoings Italy RB Marco Motta 09/10 Roma
18%
Outgoings Italy RB Marco Motta 10/11 Juventus
18%
Incomings Sweden ST Mathias Ranegie 12/13 Malmo
18%
Outgoings Italy DM Michele Pazienza 07/08 Fiorentina
18%
Incomings Brazil CB Neuton 11/12 Gremio
18%
Incomings Brazil SS Ryder Matos 15/16 Fiorentina
18%
Incomings France CB Thomas Heurtaux 12/13 Caen
18%
Incomings Czech Republic CB Tomas Sivok 06/07 Sparta Prague
18%
Outgoings Czech Republic CB Tomas Sivok 08/09 Besiktas
18%
Outgoings Czech Republic CB Tomas Zapotocny 08/09 Besiktas
18%
Incomings Costa Rica ST Winston Parks 01/02 Limonense
18%
Outgoings Costa Rica ST Winston Parks 02/03 Lokomotiv Moscow
18%
Outgoings Colombia DM Abel Aguilar 10/11 Hercules
14%
Outgoings Colombia DM Abel Aguilar 09/10 Real Zaragoza
14%
Incomings Switzerland CB Alain Nef 08/09 Piacenza
14%
Incomings France CB Alexandre Coeff 13/14 Lens
14%
Incomings Italy CM Andrea Lazzari 12/13 Fiorentina
14%
Outgoings Brazil CB Cribari 06/07 Lazio
14%
Incomings Italy SS Cristian Pasquato 12/13 Juventus
14%
Outgoings Italy SS Cristian Pasquato 14/15 Juventus
14%
Incomings Brazil CM Edenilson 14/15 Corinthians
14%
Outgoings Brazil CM Edenilson 18/19 Internacional
14%
Incomings Brazil ST Felipe Vizeu 18/19 Flamengo
14%
Outgoings Brazil ST Felipe Vizeu 18/19 Gremio
14%
Incomings Argentina DM Fernando Tissone 08/09 Atalanta
14%
Incomings Croatia DM Frano Mlinar 13/14 Inter Zapresic
14%
Incomings Argentina CM Gaspar Iniguez 15/16 Granada
14%
Incomings Croatia CB Igor Bubnjic 13/14 Slaven Belupo
14%
Outgoings Russia AM Igor Shalimov 96/97 Bologna
14%
Incomings Brazil CM Jadson 13/14 Botafogo
14%
Incomings Sweden CB Joel Ekstrand 10/11 Helsingborgs
14%
Incomings Brazil CM Lucas Evangelista 14/15 Sao Paulo
14%
Outgoings Brazil CM Lucas Evangelista 18/19 Nantes
14%
Incomings Netherlands CB Marvin Zeegelaar 19/20 Watford
14%
Outgoings Venezuela SS Massimo Margiotta 01/02 Vicenza
14%
Incomings Sweden CM Melker Hallberg 14/15 Kalmar
14%
Outgoings Brazil CB Naldo 15/16 Sporting CP
14%
Incomings Ghana CB Nicholas Opoku 18/19 Club Africain
14%
Incomings Serbia AM Petar Micin 18/19 Cukaricki
14%
Incomings Italy CM Piermario Morosini 09/10 Vicenza
14%
Incomings Belgium RB Regis Genaux 96/97 Coventry City
14%
Incomings Belgium CM Ritchie Kitoko 09/10 Albacete
14%
Incomings Uruguay ST Rodrigo Aguirre 14/15 Liverpool (Montevideo)
14%
Outgoings Uruguay ST Rodrigo Aguirre 18/19 LDU Quito
14%
Outgoings Italy LB Salvatore Masiello 08/09 Bari
14%
Incomings Ivory Coast DM Thierry Doubai 11/12 Young Boys
14%
Outgoings Ivory Coast DM Thierry Doubai 12/13 Sochaux
14%
Incomings Italy AM Valerio Verre 13/14 Roma
14%
Outgoings Italy AM Valerio Verre 16/17 Pescara
14%
Outgoings Italy AM Valerio Verre 14/15 Roma
14%
Incomings Brazil DM Willians 12/13 Flamengo
14%
Outgoings Brazil DM Willians 13/14 Internacional
14%
Incomings Italy CB Agostino Camigliano 14/15 Brescia
11%
Outgoings Italy LB Alessandro Orlando 91/92 Sampdoria
11%
Outgoings Italy LB Alessandro Orlando 93/94 Milan
11%
Outgoings Italy SS Antonio Langella 09/10 Bari
11%
Incomings Argentina ST Leandro Caruso 09/10 Godoy Cruz
11%
Outgoings Italy RW Mattia Compagnon 21/22 Juventus
11%
Incomings Italy ST Michele Paolucci 07/08 Juventus
11%
Outgoings Italy ST Michele Paolucci 09/10 Juventus
11%
Outgoings Italy AM Stefano Mauri 06/07 Lazio
11%
Incomings Russia CM Viktor Budyanskiy 07/08 Juventus
11%
Incomings Brazil ST Warley 99/00 Sao Paulo
11%
Incomings Greece ST Dimitrios Nalitzis 01/02 PAOK
7%
Incomings Switzerland AM Feliciano Magro 00/01 Grasshoppers
7%
Outgoings Ghana DM Mohammed Rabiu 11/12 Evian Thonon
7%
Incomings Denmark ST Thomas Thorninger 02/03 Kobenhavn
7%
No matching quizzes found
Score Distribution
Percent of People with Each Score
Percentile by Number Answered
Your Score History
You have not taken this quiz